Statistics for Biblical Miracles

Click here to take the quiz!

General Stats

  • This quiz has been taken 24,150 times
  • The average score is 15 of 20

Answer Stats

Miracle% Correct
{Jesus} is resurrected on the third day after his crucifixion
99%
Jesus {walks} on water
99%
Jesus turns water into {wine}
97%
Jesus multiplies fishes and {loaves}
94%
Rain falls for {forty} days and {forty} nights, flooding the Earth
92%
God said "and {let} {there} {be} {light}", and there was light
89%
Parting of the {Red} {Sea}
89%
God appears in a burning {bush} that is not consumed
86%
{Jonah} survives in the belly of a great fish
86%
Lot's wife turns into a pillar of {salt}
85%
Walls of {Jericho} fall to Joshua's trumpets
76%
Jesus raises {Lazarus} from the dead
75%
Daniel survives a night in the {lions}' {den}
71%
Death of the {first} {born} sons of Egypt
68%
Israelites fed with {manna} during their years in the desert
66%
God creates a confusion of tongues, after men try to build the {Tower} {of} {Babel}
65%
Shadrach, Meshach, and Abednego survive in a {furnace}
52%
{Samson} kills an entire army with the jawbone of a donkey
44%
{Elijah} ascends to heaven in a whirlwind
40%
{Gideon} has a fleece that is dry when it shouldn't be (and vice versa)
18%

Score Distribution

Percentile by Number Answered

Percent of People with Each Score

Your Score History

You have not taken this quiz